[Event "Isla de la Palma Semana Santa op 3rd"]
[Site "Isla de la Palma"]
[Date "2018.03.25"]
[Round "2"]
[White "Francisco Sicilia, Hugo"]
[Black "Hernandez Capote, Carmen"]
[Result "0-1"]
[WhiteElo "1192"]
[BlackElo "1583"]
[PlyCount "36"]
[EventDate "2018.03.24"]
[EventType "swiss"]
[EventRounds "7"]
[EventCountry "ESP"]
[SourceTitle "CBM 183 Extra"]
[Source "ChessBase"]
[SourceDate "2018.04.19"]
[SourceVersion "1"]
[SourceVersionDate "2018.04.19"]
[SourceQuality "1"]

1. d4 Nf6 2. Bf4 g6 3. e3 c5 4. c3 Bg7 5. Nd2 0-0 6. Bc4 d6 7. Ngf3 Nc6 8. 0-0 a6 9. Re1 b5 10. Bd3 Re8 11. b3 Qb6 12. h3 e5 13. Bg3 e4 14. Nxe4 Nxe4 15. Bf4 Nxc3 16. Qc2 b4 17. Nd2 cxd4 18. e4 Ne5 0-1